007810000a22002170004500090001700000245016300017651003700180653002500217690002400242690002600266690003200292690001900324041001400343044001300357700002900370700003100399100003200430942001300462773007100475999001700546 aASbSERIADAS10aEstructura de la comunidad epifaunal asociada a colonias de vida libre del hidrocoral Millepora Alcicornis Linnaeus 1758 en Bahía Portete, Caribe Colombiano 4pColombialBahía Portete992749 eMillepora Alcicornis aCrustáceos993175 aFauna asociada996911 aComunidades marinas9100397 aCorales9941350 aEspañol aColombia1 aMonroy L., Mario91003981 aSolano, Oscar David9998971 aCastro S., Carolina9100399 cARTICULO1 tBoletín de Investigaciones Marinas y Costerasq195-206d2006g35 c16227d16227